Zlepšovanie kvality rýchloreznej ocele použitím vákuových technológií pretavenia a odlievania

Gespeichert in:
Bibliographische Detailangaben
1. Verfasser: Hutta, Viliam (Verfasst von)
Weitere Verfasser: Čaus, Alexander (Betreuung Doktorarbeit)
Format: Manuskript Buch
Sprache:Slowakisch
Veröffentlicht: 2021
Schlagworte:
Online-Zugang:http://is.stuba.sk/zp/portal_zp.pl?podrobnosti=158336
Tags: Tag hinzufügen
Keine Tags, Fügen Sie das erste Tag hinzu!

MARC

LEADER 00000ntm a22000003a 4500
001 stuzp78530
003 SK-STU
005 20210612210409.5
007 ta
008 150427s2015----xo-----f-mn---000-0-slo-d
040 |a STU  |b slo 
041 0 |a slo 
100 1 |a Hutta, Viliam  |u 063000  |k Z4  |4 aut  |U MTF Materiálovotechnologická fakulta  |T MTF Ústav výrobných technológií  |X 46715  |U M3000  |Y 83  |7 46715 
242 0 1 |a High-speed steel quality improvement using vacuum technologies of melting and casting  |y eng 
245 1 0 |a Zlepšovanie kvality rýchloreznej ocele použitím vákuových technológií pretavenia a odlievania 
260 |c 2021 
650 4 |a rýchlorezná oceľ  |2 slo 
650 4 |a kryštalizácia  |2 slo 
650 4 |a vákuové odlievanie  |2 slo 
650 4 |a Vacuum casting  |2 eng 
650 4 |a crystallization  |2 eng 
650 4 |a high-speed steel  |2 eng 
700 1 |a Čaus, Alexander  |u 063300  |k Z1  |4 ths  |U MTF Ústav výrobných technológií  |T MTF Katedra zlievarenstva a práškovej metalurgie  |X 4162  |U M3300  |Y 171  |7 A000004162 
856 4 |u http://is.stuba.sk/zp/portal_zp.pl?podrobnosti=158336 
996 |c M* DP-14550  |l MMSKP  |s P  |a 0  |w stuzp78530_0001